00897cam a22002653a 450000100060000000300060000600500170001200800410002904000150007004200070008505000070009210000370009924501550013626000290029150600300032051600200035065300390037065300110040965300440042065300240046465300320048865300400052083000290056085600420058933524PGUSA20140828083726.0100824s2010||||xxu|||||s|||||000 | eng d aPGUSAbeng adc 4aBL1 aFrazer, James George,d1854-194114aThe Belief in Immortality and the Worship of the Dead, Vol. 2 (of 3) :bThe Belief Among the Polynesiansh[electronic resource] /cJames George Frazer bProject Gutenberg,c2010 aPublic domain in the USA. aElectronic text aImmortality -- Comparative studies aBurial aFuneral rites and ceremonies -- Oceania aOceania -- Religion aAncestor worship -- Oceania aOceania -- Social life and customs. 0aProject Gutenbergv3352440uhttp://www.gutenberg.org/ebooks/33524